[Event "SK Kriegshaber 1-SK Weilheim 1"]
[Site "?"]
[Date "2024.04.14"]
[Round "8.3"]
[White "Fuchs, Georg"]
[Black "Reis, Thomas"]
[Result "0-1"]
[WhiteElo "2108"]
[BlackElo "2210"]
[PlyCount "72"]
[EventDate "2024.??.??"]
[WhiteTeam "SK Weilheim 1"]
[BlackTeam "SK Kriegshaber 1"]

1. e4 e5 2. Nf3 Nc6 3. d4 exd4 4. Nxd4 Nf6 5. Nc3 Bb4 6. Nxc6 bxc6 7. Bd3 O-O 8. O-O d5 9. exd5 cxd5 10. Bg5 c6 11. Qf3 Be6 12. Ne2 Bd6 13. Nd4 c5 14. Nc6 Qc7 15. Bxf6 gxf6 16. Qxf6 c4 17. Bxh7+ Kxh7 18. f4 Rg8 19. Qh4+ Kg7 20. f5 Qxc6 21. Rae1 Qb6+ 22. Kh1 Rh8 23. Qg5+ Kf8 24. h3 Qd8 25. Qd2 Bc8 26. Qxd5 Rb8 27. Qxc4 Rb6 28. Qc3 Rh7 29. Rf3 Bb7 30. Rfe3 Bb4 31. Re8+ Qxe8 32. Rxe8+ Kxe8 33. Qe3+ Kf8 34. Qd3 Rd6 35. Qb5 Rd1+ 36. Kh2 Bd6+ 0-1

[Event "SK Kriegshaber 1-SK Weilheim 1"]
[Site "?"]
[Date "2024.04.14"]
[Round "8.4"]
[White "Kamenskyi, Dmytro"]
[Black "de Francesco, Klaus"]
[Result "1-0"]
[WhiteElo "2107"]
[BlackElo "2126"]
[PlyCount "85"]
[EventDate "2024.??.??"]
[WhiteTeam "SK Kriegshaber 1"]
[BlackTeam "SK Weilheim 1"]

1. e4 c5 2. Nf3 Nc6 3. d4 cxd4 4. Nxd4 e5 5. Nb5 d6 6. N1c3 a6 7. Na3 Be7 8. Nc4 Nf6 9. Bg5 O-O 10. Bxf6 Bxf6 11. Qxd6 Nd4 12. Bd3 Be6 13. Qxd8 Raxd8 14. Ne3 Bg5 15. Ncd5 f5 16. c3 Nc6 17. Bc4 Kh8 18. Nc7 Bc8 19. Nxf5 Na5 20. Be6 g6 21. Ne3 Bxe3 22. fxe3 Rd6 23. Bxc8 Rxc8 24. Nd5 Rc4 25. Ke2 Rxe4 26. Rad1 Rg4 27. g3 h5 28. Rhf1 Kg7 29. b3 Nc6 30. Nf6 Nd4+ 31. cxd4 Rxf6 32. dxe5 Re6 33. Rd7+ Kh6 34. Rff7 h4 35. Kf2 Rb4 36. Rh7+ Kg5 37. Rxh4 Rb5 38. Re4 b6 39. h4+ Kh6 40. g4 g5 41. Rd6 Rxd6 42. exd6 gxh4 43. d7 1-0

[Event "SK Kriegshaber 1-SK Weilheim 1"]
[Site "?"]
[Date "2024.04.14"]
[Round "8.5"]
[White "Gruber, Michael"]
[Black "Bintakies, Michael"]
[Result "1-0"]
[WhiteElo "2108"]
[BlackElo "2115"]
[PlyCount "73"]
[EventDate "2024.??.??"]
[WhiteTeam "SK Weilheim 1"]
[BlackTeam "SK Kriegshaber 1"]

1. e4 c6 2. d4 d5 3. exd5 cxd5 4. Bd3 Nf6 5. h3 Nc6 6. c3 g6 7. Nf3 Bf5 8. O-O Bxd3 9. Qxd3 Bg7 10. Bf4 O-O 11. Nbd2 e6 12. Rfe1 Nd7 13. Qe3 Re8 14. Nb3 b5 15. Qd3 Qb6 16. h4 b4 17. h5 Na5 18. hxg6 hxg6 19. Ng5 Nc4 20. Qh3 Nxb2 21. Qh7+ Kf8 22. Nc5 Nf6 23. Qh4 Ke7 24. Nh7 Rh8 25. Bg5 Rxh7 26. Qxh7 Bh8 27. Rxe6+ Qxe6 28. Nxe6 Kxe6 29. Re1+ Kd6 30. Qxf7 Ne4 31. Bf4+ Kc6 32. Qe6+ Kb5 33. Qxd5+ Ka4 34. Qxa8 Nxc3 35. Qxa7+ Kb5 36. Qb8+ Kc4 37. Qxh8 1-0

[Event "SK Kriegshaber 1-SK Weilheim 1"]
[Site "?"]
[Date "2024.04.14"]
[Round "8.6"]
[White "Filin, Denys"]
[Black "Limmer, Marco"]
[Result "1-0"]
[WhiteElo "2044"]
[BlackElo "1887"]
[PlyCount "47"]
[EventDate "2024.??.??"]
[WhiteTeam "SK Kriegshaber 1"]
[BlackTeam "SK Weilheim 1"]

1. Nf3 e6 2. d4 Nf6 3. e3 d5 4. Bd3 Bd6 5. Nbd2 O-O 6. O-O b6 7. e4 dxe4 8. Nxe4 Bb7 9. Nxf6+ Qxf6 10. Bg5 Bxf3 11. Qd2 Bf4 12. Bxf4 Nc6 13. c3 g5 14. Bxg5 Qg7 15. Qf4 Bd5 16. g3 e5 17. Qh4 e4 18. Bh6 Qg6 19. Bxf8 exd3 20. Bh6 f6 21. Rfe1 Qf5 22. Qf4 Qh3 23. f3 Rd8 24. Qxf6 1-0

[Event "SK Kriegshaber 1-SK Weilheim 1"]
[Site "?"]
[Date "2024.04.14"]
[Round "8.8"]
[White "Schechter, Dimitri"]
[Black "Gerlach, Florian"]
[Result "1/2-1/2"]
[WhiteElo "2059"]
[BlackElo "1783"]
[PlyCount "79"]
[EventDate "2024.??.??"]
[WhiteTeam "SK Kriegshaber 1"]
[BlackTeam "SK Weilheim 1"]

1. d4 Nf6 2. Nf3 g6 3. c4 Bg7 4. g3 c6 5. Bg2 O-O 6. O-O d5 7. b3 dxc4 8. bxc4 c5 9. e3 Nc6 10. Bb2 Ne4 11. Nbd2 Nxd2 12. Qxd2 Qb6 13. Rfd1 Rd8 14. Bc3 Bf5 15. d5 Bxc3 16. Qxc3 Qb4 17. Qxb4 Nxb4 18. Ne1 Rab8 19. e4 Bd7 20. a3 Na6 21. Rab1 f6 22. Rb2 Nc7 23. Nd3 b6 24. f4 Ba4 25. Re1 e6 26. Bh3 Kf7 27. Kf2 exd5 28. exd5 Re8 29. Bf1 Bd7 30. Rd2 Rxe1 31. Kxe1 Ne8 32. Nf2 Nd6 33. Bd3 Re8+ 34. Re2 Ba4 35. Rxe8 Kxe8 36. Ne4 Ke7 37. Kd2 Nxe4+ 38. Bxe4 b5 39. Kc3 Kd6 40. Bf3 1/2-1/2

[Event "SC NT Nuernberg 1-SK Kriegshaber 1"]
[Site "?"]
[Date "2024.04.28"]
[Round "9.2"]
[White "Yelisieiev, Yevhenii"]
[Black "Demel, Paul"]
[Result "1-0"]
[WhiteElo "2387"]
[BlackElo "2108"]
[PlyCount "133"]
[EventDate "2024.??.??"]
[WhiteTeam "SC NT Nürnberg 1"]
[BlackTeam "SK Kriegshaber 1"]

1. d4 d5 2. c4 e6 3. Nc3 Nf6 4. cxd5 exd5 5. Bg5 c6 6. e3 h6 7. Bh4 Be7 8. Bd3 O-O 9. Qc2 Re8 10. Nge2 Nbd7 11. O-O a5 12. f3 b5 13. Rae1 Ba6 14. Bf2 b4 15. Bxa6 Rxa6 16. Na4 c5 17. dxc5 Nxc5 18. Nxc5 Rc6 19. Nd4 Rxc5 20. Qd2 Qd7 21. Nb3 Rc6 22. Rc1 a4 23. Nd4 Rxc1 24. Rxc1 Rc8 25. Rc2 Rc5 26. Rxc5 Bxc5 27. Qc2 Qa7 28. g3 Nd7 29. Kg2 Qa6 30. Qf5 Bxd4 31. exd4 Qc6 32. b3 axb3 33. axb3 Qb5 34. Qc2 Nb8 35. Qc8+ Kh7 36. Qc7 Kg8 37. Qd8+ Kh7 38. Qe7 f6 39. h4 Nc6 40. Qc7 Kg8 41. Qd7 Kh7 42. h5 Nxd4 43. Qxb5 Nxb5 44. Bc5 f5 45. Kf2 g6 46. g4 f4 47. Kg2 Kg7 48. Bxb4 gxh5 49. gxh5 Kf6 50. Bd2 Kg5 51. b4 Kf5 52. Kf2 Nd4 53. Bc1 Nc6 54. b5 Ne5 55. Ba3 Nc4 56. Bc5 Kg5 57. b6 Na5 58. Bd6 Nb7 59. Bc7 Kxh5 60. Bxf4 Kg6 61. Ke3 h5 62. Kd4 Kf5 63. Bh2 Ke6 64. Bg3 Na5 65. Kc5 Nb3+ 66. Kb4 Nd4 67. b7 1-0

[Event "SC NT Nuernberg 1-SK Kriegshaber 1"]
[Site "?"]
[Date "2024.04.28"]
[Round "9.4"]
[White "Kirchner, Thomas"]
[Black "Reis, Thomas"]
[Result "1/2-1/2"]
[WhiteElo "2258"]
[BlackElo "2210"]
[PlyCount "54"]
[EventDate "2024.??.??"]
[WhiteTeam "SC NT Nürnberg 1"]
[BlackTeam "SK Kriegshaber 1"]

1. e4 e5 2. Nf3 Nc6 3. Bc4 Nf6 4. d3 Be7 5. O-O O-O 6. Re1 d6 7. c3 Na5 8. Bb5 a6 9. Ba4 b5 10. Bc2 c5 11. Nbd2 Nc6 12. Nf1 h6 13. Ng3 Be6 14. h3 Re8 15. d4 cxd4 16. cxd4 exd4 17. Nxd4 Nxd4 18. Qxd4 Rc8 19. Bb3 d5 20. e5 Nd7 21. Bd2 Bc5 22. Qf4 Qg5 23. Qxg5 hxg5 24. Bxg5 Bd4 25. Re2 Bxe5 26. Rae1 f6 27. Bf4 d4 1/2-1/2

[Event "SC NT Nuernberg 1-SK Kriegshaber 1"]
[Site "?"]
[Date "2024.04.28"]
[Round "9.5"]
[White "Kamenskyi, Dmytro"]
[Black "Hoffmann, Sebastian"]
[Result "1-0"]
[WhiteElo "2107"]
[BlackElo "2200"]
[PlyCount "63"]
[EventDate "2024.??.??"]
[WhiteTeam "SK Kriegshaber 1"]
[BlackTeam "SC NT Nürnberg 1"]

1. e4 c6 2. d4 d5 3. exd5 cxd5 4. Bd3 Nc6 5. c3 Nf6 6. Bf4 Bg4 7. Qb3 Qd7 8. Nd2 e6 9. Ngf3 Bxf3 10. Nxf3 Ne4 11. Ne5 Nxe5 12. Bxe5 a6 13. Bxe4 dxe4 14. O-O f6 15. Bg3 O-O-O 16. Rae1 Qd5 17. c4 Qf5 18. Qb6 e5 19. dxe5 fxe5 20. c5 Qf6 21. c6 bxc6 22. Qxa6+ Kd7 23. Rd1+ Bd6 24. Qb7+ Ke6 25. Qxc6 h5 26. h4 e3 27. fxe3 Qg6 28. Qd5+ Ke7 29. Bxe5 Rhe8 30. Bxd6+ Rxd6 31. Rf7+ Qxf7 32. Qxd6# 1-0

[Event "SC NT Nuernberg 1-SK Kriegshaber 1"]
[Site "?"]
[Date "2024.04.28"]
[Round "9.6"]
[White "Heimrath, Reiner"]
[Black "Bintakies, Michael"]
[Result "0-1"]
[WhiteElo "2163"]
[BlackElo "2115"]
[PlyCount "115"]
[EventDate "2024.??.??"]
[WhiteTeam "SC NT Nürnberg 1"]
[BlackTeam "SK Kriegshaber 1"]

1. e4 c6 2. g3 d5 3. Bg2 dxe4 4. Bxe4 Nf6 5. Bg2 Bf5 6. d3 Nbd7 7. a4 a5 8. h3 e6 9. Ne2 h6 10. Nd2 Be7 11. Nc4 Nb6 12. Ne3 Bh7 13. O-O O-O 14. f4 Qc7 15. Kh2 Bd6 16. Bd2 Nfd5 17. Qc1 Nxe3 18. Bxe3 Nd5 19. Bd2 Rfd8 20. Nc3 Nxc3 21. Bxc3 e5 22. fxe5 Bxe5 23. Bxe5 Qxe5 24. Qf4 Qxf4 25. Rxf4 Re8 26. Bf3 Re5 27. Kg2 Rc5 28. Bd1 Re8 29. Kf2 g5 30. Rd4 Bf5 31. g4 Bc8 32. Rd6 Rce5 33. Bf3 R5e6 34. Rxe6 Rxe6 35. Be4 c5 36. Kf3 Rb6 37. b3 Rd6 38. Re1 Kg7 39. Kg3 b6 40. Rf1 Rf6 41. Re1 Re6 42. Kf3 Kf8 43. Rh1 Ke7 44. Ke3 Rf6 45. Rd1 h5 46. Bf3 hxg4 47. hxg4 Rh6 48. d4 Rh3 49. Re1 Kd8 50. Ke2 cxd4 51. Rd1 Rh2+ 52. Kd3 Rf2 53. Kxd4 Rxc2 54. Ke5+ Ke7 55. Rd4 Rc5+ 56. Bd5 Bb7 57. Ke4 Rxd5 58. Rxd5 0-1

[Event "SC NT Nuernberg 1-SK Kriegshaber 1"]
[Site "?"]
[Date "2024.04.28"]
[Round "9.7"]
[White "Filin, Denys"]
[Black "Kabatianski, Alexander"]
[Result "1/2-1/2"]
[WhiteElo "2044"]
[BlackElo "2269"]
[PlyCount "63"]
[EventDate "2024.??.??"]
[WhiteTeam "SK Kriegshaber 1"]
[BlackTeam "SC NT Nürnberg 1"]

1. Nf3 c5 2. c4 Nf6 3. Nc3 e6 4. g3 b6 5. Bg2 Bb7 6. O-O Be7 7. d4 cxd4 8. Nxd4 Bxg2 9. Kxg2 a6 10. e4 d6 11. Qe2 Qc7 12. Rd1 O-O 13. Be3 Nc6 14. Nxc6 Qxc6 15. f3 Rfc8 16. Rac1 Rab8 17. b3 Qb7 18. Bf4 Rc6 19. Kh1 Rbc8 20. Nb1 b5 21. cxb5 axb5 22. Rxc6 Rxc6 23. Na3 b4 24. Nc4 d5 25. exd5 Nxd5 26. Qe5 Ra6 27. Rd2 Nc3 28. Qb8+ Qxb8 29. Bxb8 Rxa2 30. Rd7 Kf8 31. Bd6 Bxd6 32. Nxd6 1/2-1/2

[Event "SC NT Nuernberg 1-SK Kriegshaber 1"]
[Site "?"]
[Date "2024.04.28"]
[Round "9.8"]
[White "Epding, Olaf"]
[Black "Schechter, Dimitri"]
[Result "0-1"]
[WhiteElo "2107"]
[BlackElo "2059"]
[PlyCount "148"]
[EventDate "2024.??.??"]
[WhiteTeam "SC NT Nürnberg 1"]
[BlackTeam "SK Kriegshaber 1"]

1. b3 Nf6 2. Bb2 e6 3. c4 d5 4. e3 Be7 5. Nf3 O-O 6. Be2 b6 7. O-O Bb7 8. Nc3 c5 9. d4 Nbd7 10. Rc1 Rc8 11. cxd5 Nxd5 12. Nxd5 Bxd5 13. Ba6 Rc7 14. Qe2 Qa8 15. Rfd1 Rd8 16. Bd3 Be4 17. Ne1 a5 18. dxc5 Nxc5 19. Qg4 Bg6 20. Bxg6 hxg6 21. Nf3 Rcd7 22. Rxd7 Rxd7 23. Bd4 Rd5 24. h4 Qd8 25. g3 Qb8 26. e4 Rh5 27. Kg2 Qb7 28. Re1 Qd7 29. Re3 Qc7 30. Rc3 Qb7 31. Bxc5 Rxc5 32. Rxc5 Bxc5 33. Qf4 Qe7 34. Qb8+ Qf8 35. Qb7 Qe7 36. Qa8+ Qf8 37. Qa6 Qd8 38. Ng5 Be7 39. Nf3 Bc5 40. Qe2 Qd6 41. Qc2 Qd8 42. Qc4 Qd6 43. Qa4 Qd8 44. Qb5 Qb8 45. Qd3 Qd6 46. Qxd6 Bxd6 47. Nd4 Bc5 48. Nb5 Kf8 49. g4 Ke7 50. f4 Kd7 51. Kf3 Kc6 52. a4 Be7 53. h5 gxh5 54. gxh5 Kc5 55. e5 Kb4 56. Nd6 Kxb3 57. Nxf7 Kxa4 58. Ng5 Kb4 59. Nxe6 a4 60. Nd4 a3 61. Ke4 a2 62. Kd3 Kc5 63. Nc2 Kd5 64. Na1 Bc5 65. Nc2 b5 66. Kc3 a1=Q+ 67. Nxa1 Bd4+ 68. Kb4 Bxa1 69. Kxb5 Bb2 70. Kb4 Bc1 71. h6 gxh6 72. e6 Kxe6 73. Kc4 Kf5 74. Kd3 Kxf4 0-1

[Event "SK Tarrasch Muenchen 1-SF Augsburg 1"]
[Site "?"]
[Date "2024.04.28"]
[Round "9.1"]
[White "Djukic, Nikola"]
[Black "Maksimenko, Andrei"]
[Result "1/2-1/2"]
[WhiteElo "2511"]
[BlackElo "2453"]
[PlyCount "108"]
[EventDate "2024.??.??"]
[WhiteTeam "SF Augsburg 1"]
[BlackTeam "SK Tarrasch München 1"]

1. e4 c5 2. Nf3 e6 3. d4 cxd4 4. Nxd4 Nc6 5. Nc3 Qc7 6. Be2 Nf6 7. Be3 a6 8. O-O Be7 9. f4 d6 10. Qe1 O-O 11. Qg3 Nxd4 12. Bxd4 b5 13. a3 Bb7 14. Kh1 Rad8 15. Rae1 Bc6 16. Bf3 Rfe8 17. Nd1 Rd7 18. Nf2 Bd8 19. Ng4 Nxg4 20. Bxg4 g6 21. f5 exf5 22. Bxf5 Rde7 23. Bf6 Re5 24. Bxe5 Rxe5 25. Bg4 Bxe4 26. Bf3 Bf5 27. Qf2 Bf6 28. c3 Rxe1 29. Rxe1 Be5 30. Bd5 Kg7 31. Rf1 h5 32. h3 Qe7 33. g4 hxg4 34. hxg4 Be6 35. Bxe6 Qxe6 36. Qf3 Qb3 37. Rf2 Qe6 38. Kg2 Qc4 39. Kh3 Qc7 40. Qd5 Qa7 41. Kg2 Qd7 42. Kf1 Qe7 43. Rf3 Bf6 44. b3 Bh4 45. Qd4+ Bf6 46. Qe3 Be5 47. Qe4 Qg5 48. Qd5 Qc1+ 49. Kf2 f6 50. Rh3 Qc2+ 51. Kf1 Qc1+ 52. Ke2 Qc2+ 53. Kf1 Qc1+ 54. Ke2 Qc2+ 1/2-1/2

[Event "SK Tarrasch Muenchen 1-SF Augsburg 1"]
[Site "?"]
[Date "2024.04.28"]
[Round "9.2"]
[White "Das, Soham"]
[Black "Pancevski, Filip"]
[Result "1-0"]
[WhiteElo "2374"]
[BlackElo "2446"]
[PlyCount "121"]
[EventDate "2024.??.??"]
[WhiteTeam "SK Tarrasch München 1"]
[BlackTeam "SF Augsburg 1"]

1. d4 Nf6 2. Nf3 g6 3. g3 Bg7 4. Bg2 O-O 5. O-O d6 6. c4 Nbd7 7. b3 c6 8. Nc3 Qa5 9. Bb2 e5 10. e4 Re8 11. Re1 exd4 12. Nxd4 Nc5 13. h3 Qb6 14. Rb1 a5 15. Nc2 Qc7 16. Qd2 Nfd7 17. Re3 Nb6 18. Bf1 Be6 19. Nd4 Qc8 20. Kh2 a4 21. b4 Nxc4 22. Bxc4 Bxc4 23. bxc5 dxc5 24. Nde2 Rd8 25. Qc2 b5 26. e5 Be6 27. Ne4 Bxa2 28. Ra1 Bd5 29. Nd6 Qc7 30. Qxc5 Qa7 31. Qc2 b4 32. Bd4 Qa6 33. Bc5 b3 34. Qb2 Bh6 35. f4 Qa5 36. Rc3 Rdb8 37. Ba3 Bg7 38. Rc5 Qd8 39. Nc3 Ra5 40. Nxd5 cxd5 41. Rac1 Rxc5 42. Rxc5 Qb6 43. Rxd5 Qe3 44. Qd2 Qf3 45. Rd3 Qf1 46. Rc3 h6 47. Rc1 Qf3 48. Bb2 g5 49. Nf5 Bf8 50. Nd6 Bg7 51. Ra1 gxf4 52. gxf4 Ra8 53. Nf5 Bf8 54. e6 a3 55. e7 axb2 56. exf8=Q+ Rxf8 57. Rg1+ Kh7 58. Rg7+ Kh8 59. Qxb2 Qxf4+ 60. Rg3+ f6 61. Ne7 1-0

[Event "SK Tarrasch Muenchen 1-SF Augsburg 1"]
[Site "?"]
[Date "2024.04.28"]
[Round "9.3"]
[White "Vuckovic, Aleksandar"]
[Black "Meier, Volker"]
[Result "1/2-1/2"]
[WhiteElo "2339"]
[BlackElo "2190"]
[PlyCount "93"]
[EventDate "2024.??.??"]
[WhiteTeam "SF Augsburg 1"]
[BlackTeam "SK Tarrasch München 1"]

1. e4 e5 2. Nf3 Nc6 3. d4 exd4 4. Nxd4 Nf6 5. Nxc6 bxc6 6. Bd3 d5 7. e5 Ng4 8. O-O Bc5 9. Qe2 Qe7 10. Bf4 g5 11. Bd2 Nxe5 12. Re1 Bd6 13. c4 f6 14. Nc3 dxc4 15. Bxc4 Be6 16. Bxe6 Qxe6 17. Qa6 O-O 18. Qxc6 Qc4 19. Qd5+ Qxd5 20. Nxd5 c6 21. Ne3 Nd3 22. Rf1 Nxb2 23. Rac1 Nd3 24. Rxc6 Rfd8 25. Ba5 Rd7 26. Rd1 Be5 27. g3 Rb8 28. Ng4 Kf7 29. Nxe5+ fxe5 30. Bc3 Rb6 31. Rc8 e4 32. Kf1 Ra6 33. Rd2 Rb6 34. Re2 Re6 35. Rc4 Rde7 36. Bd4 Rb7 37. Bc3 Rbe7 38. Kg2 g4 39. h3 h5 40. Bd2 Kg6 41. h4 Re5 42. Rc6+ R5e6 43. Rxe4 Rxc6 44. Rxe7 Rc2 45. Be3 Rxa2 46. Bxa7 Ne1+ 47. Rxe1 1/2-1/2

[Event "SK Tarrasch Muenchen 1-SF Augsburg 1"]
[Site "?"]
[Date "2024.04.28"]
[Round "9.4"]
[White "Koester, Roman"]
[Black "Vuckovic, Zarko"]
[Result "0-1"]
[WhiteElo "2045"]
[BlackElo "2358"]
[PlyCount "104"]
[EventDate "2024.??.??"]
[WhiteTeam "SK Tarrasch München 1"]
[BlackTeam "SF Augsburg 1"]

1. d4 Nf6 2. Bf4 c6 3. c3 Qb6 4. Qb3 Nh5 5. Bg5 h6 6. Bh4 d6 7. e3 Be6 8. Qc2 g5 9. Be2 gxh4 10. Bxh5 Nd7 11. Nd2 Nf6 12. Be2 Rg8 13. Bf3 d5 14. h3 Rg5 15. Ne2 Bf5 16. Qb3 e6 17. c4 Qxb3 18. axb3 Bd6 19. Nc3 Bd3 20. Rg1 Bh2 21. Rh1 Bc7 22. Rg1 Bf5 23. Ke2 a6 24. e4 Bh7 25. e5 Nd7 26. Bg4 Rg7 27. f4 Nf8 28. Rgc1 Bb6 29. c5 Bd8 30. Ke3 Rb8 31. b4 Ng6 32. Ne2 Ne7 33. Rc3 h5 34. Bxh5 Rxg2 35. Bg4 Bf5 36. Kf3 Rh2 37. Nf1 Be4+ 38. Ke3 Rh1 39. Rcc1 f5 40. exf6 Nf5+ 41. Kf2 Bxf6 42. Rd1 Ke7 43. Nd2 Rh2+ 44. Ke1 Ne3 45. Nxe4 dxe4 46. Rdc1 Rg8 47. Ra3 Nxg4 48. hxg4 Rxg4 49. Re3 Bxd4 50. Rxe4 Bxb2 51. Rc2 Bf6 52. Rd2 Bc3 0-1

[Event "SK Tarrasch Muenchen 1-SF Augsburg 1"]
[Site "?"]
[Date "2024.04.28"]
[Round "9.5"]
[White "Lavrinenkov, Vadim"]
[Black "Lipinsky, Markus"]
[Result "1-0"]
[WhiteElo "2286"]
[BlackElo "1988"]
[PlyCount "78"]
[EventDate "2024.??.??"]
[WhiteTeam "SF Augsburg 1"]
[BlackTeam "SK Tarrasch München 1"]

1. d4 d5 2. Nf3 Nf6 3. c4 dxc4 4. e3 Bg4 5. Bxc4 e6 6. h3 Bh5 7. Nc3 Nc6 8. O-O Bd6 9. a3 O-O 10. Be2 Qe7 11. b4 a6 12. Bb2 Rad8 13. Nd2 Bxe2 14. Qxe2 Nd5 15. Nce4 e5 16. Nxd6 cxd6 17. dxe5 dxe5 18. Rfd1 e4 19. Qc4 Nb6 20. Qc3 f5 21. Nf1 Kh8 22. Qb3 Ne5 23. Bd4 Nbc4 24. Bc5 Qf6 25. Bxf8 Rxf8 26. Rd4 b5 27. Rad1 Qg5 28. Kh1 Qh4 29. Kg1 Qg5 30. Rd5 Nd3 31. R1xd3 exd3 32. Qxd3 Qf6 33. Rd4 Ne5 34. Qd1 Nc4 35. Nd2 Nxa3 36. Qb3 Nc4 37. Nxc4 bxc4 38. Qxc4 h6 39. Qc5 Rf7 1-0

[Event "SK Tarrasch Muenchen 1-SF Augsburg 1"]
[Site "?"]
[Date "2024.04.28"]
[Round "9.6"]
[White "Klenk, Robert"]
[Black "Weller, Uli"]
[Result "0-1"]
[WhiteElo "1977"]
[BlackElo "2263"]
[PlyCount "68"]
[EventDate "2024.??.??"]
[WhiteTeam "SK Tarrasch München 1"]
[BlackTeam "SF Augsburg 1"]

1. e4 c5 2. Nf3 Nc6 3. d4 cxd4 4. Nxd4 g6 5. c4 Nf6 6. Nc3 Nxd4 7. Qxd4 d6 8. Be2 Bg7 9. Be3 O-O 10. Qd2 Be6 11. Rc1 Qa5 12. O-O Rfc8 13. b3 a6 14. f4 b5 15. f5 Bd7 16. e5 b4 17. Na4 Ne4 18. Qd4 Bxa4 19. bxa4 Nc3 20. Bf3 Nxa2 21. fxg6 hxg6 22. Rce1 Rab8 23. Qh4 Qxe5 24. Ba7 Bf6 25. Qg4 Qg5 26. Qxg5 Bxg5 27. Bxb8 Rxb8 28. c5 Nc3 29. cxd6 exd6 30. Be4 Bd2 31. Bb1 Bxe1 32. Rxe1 b3 33. Kf2 b2 34. a5 Rb5 0-1

[Event "SK Tarrasch Muenchen 1-SF Augsburg 1"]
[Site "?"]
[Date "2024.04.28"]
[Round "9.8"]
[White "Humbert, Arthur"]
[Black "Abdic, Adnan"]
[Result "0-1"]
[WhiteElo "2055"]
[BlackElo "2160"]
[PlyCount "144"]
[EventDate "2024.??.??"]
[WhiteTeam "SK Tarrasch München 1"]
[BlackTeam "SF Augsburg 1"]

1. e4 e5 2. Nf3 Nc6 3. Bc4 Bc5 4. c3 Qe7 5. O-O d6 6. a4 a6 7. d4 Ba7 8. b4 Nf6 9. Re1 O-O 10. d5 Nb8 11. h3 Nbd7 12. a5 Nh5 13. Bf1 Ng3 14. Bd3 h6 15. Be3 Bxe3 16. Rxe3 Nh5 17. Nbd2 Nf4 18. Bf1 Nf6 19. c4 Nh7 20. Nb3 f5 21. Nfd2 Ng5 22. exf5 Bxf5 23. Nd4 Bd7 24. h4 Nh7 25. g3 Nh3+ 26. Bxh3 Bxh3 27. Qe2 Qf7 28. Ne6 Bxe6 29. dxe6 Qxe6 30. f4 Nf6 31. Nf3 Qh3 32. fxe5 Ng4 33. Rd3 Qxg3+ 34. Qg2 Qxg2+ 35. Kxg2 Nxe5 36. Nxe5 dxe5 37. Rd7 Rf7 38. Rad1 Re8 39. Rxf7 Kxf7 40. Kf3 Ke6 41. Rg1 Rf8+ 42. Ke3 Rf7 43. b5 axb5 44. cxb5 Kd5 45. a6 bxa6 46. Rd1+ Kc5 47. bxa6 Kb6 48. Ra1 Ka7 49. Ra5 Re7 50. Ke4 g6 51. Kd5 e4 52. Ra2 e3 53. Re2 g5 54. hxg5 hxg5 55. Kd4 g4 56. Kc3 g3 57. Kd3 Kxa6 58. Ra2+ Kb5 59. Ke2 g2 60. Ra1 Rg7 61. Rg1 Rg3 62. Kd3 c5 63. Ke2 c4 64. Rb1+ Kc5 65. Rb8 g1=Q 66. Rc8+ Kd5 67. Rd8+ Ke4 68. Rd4+ Kf5 69. Rd5+ Kg4 70. Rg5+ Kh3 71. Rxg3+ Qxg3 72. Kf1 Qf2# 0-1

[Event "SG PS Regensburg 1-SK Schwandorf 1"]
[Site "?"]
[Date "2024.04.28"]
[Round "9.1"]
[White "Zvara, Petr"]
[Black "Schmid, Roland"]
[Result "1-0"]
[WhiteElo "2335"]
[BlackElo "2209"]
[PlyCount "57"]
[EventDate "2024.??.??"]
[WhiteTeam "SK Schwandorf 1"]
[BlackTeam "SG PS Regensburg 1"]

1. e4 c5 2. Nf3 e6 3. d4 cxd4 4. Nxd4 Nc6 5. Nc3 Qc7 6. Be2 a6 7. Nxc6 bxc6 8. Qd3 Nf6 9. Qg3 Qxg3 10. hxg3 d5 11. g4 Nxe4 12. Nxe4 dxe4 13. Be3 e5 14. g5 Bf5 15. O-O-O Be7 16. g4 Bg6 17. Rd2 a5 18. Rhd1 Rd8 19. Rxd8+ Bxd8 20. Ba6 O-O 21. Rd7 Re8 22. Bb7 f5 23. gxf6 Bxf6 24. Bxc6 Rd8 25. Ra7 Rc8 26. Bd5+ Kf8 27. Rxa5 h5 28. gxh5 Bf5 29. c4 1-0

[Event "SG PS Regensburg 1-SK Schwandorf 1"]
[Site "?"]
[Date "2024.04.28"]
[Round "9.2"]
[White "Loos, Roland"]
[Black "Barth, Norbert"]
[Result "0-1"]
[WhiteElo "2234"]
[BlackElo "2221"]
[PlyCount "58"]
[EventDate "2024.??.??"]
[WhiteTeam "SG PS Regensburg 1"]
[BlackTeam "SK Schwandorf 1"]

1. e4 e5 2. Nf3 Nc6 3. Bc4 Bc5 4. b4 Bxb4 5. c3 Ba5 6. d4 d6 7. Qb3 Qd7 8. dxe5 Bb6 9. Qc2 Nxe5 10. Nxe5 dxe5 11. O-O Nf6 12. Ba3 Qc6 13. Nd2 Be6 14. Bxe6 Qxe6 15. c4 c5 16. Rab1 O-O 17. Rb3 Qc6 18. Bb2 Rfe8 19. Re3 Nd7 20. Nf3 Bc7 21. Nh4 Nf8 22. Nf5 Ne6 23. Rg3 Rad8 24. Rg4 Qd7 25. Rg3 Qd2 26. Qb3 g6 27. Bc1 Qb4 28. Qf3 Nf4 29. Qg4 Qxc4 0-1

[Event "SG PS Regensburg 1-SK Schwandorf 1"]
[Site "?"]
[Date "2024.04.28"]
[Round "9.3"]
[White "Votruba, Pavel"]
[Black "Pohl-Kuemmel, Jens-Uwe"]
[Result "1-0"]
[WhiteElo "2222"]
[BlackElo "2222"]
[PlyCount "87"]
[EventDate "2024.??.??"]
[WhiteTeam "SK Schwandorf 1"]
[BlackTeam "SG PS Regensburg 1"]

1. d4 d6 2. e4 Nf6 3. Nc3 g6 4. Bf4 c6 5. Qd2 Qa5 6. Nf3 Bg7 7. Bd3 O-O 8. h3 Nbd7 9. Bh6 Qh5 10. Bxg7 Kxg7 11. O-O-O Qa5 12. Kb1 e5 13. g4 Re8 14. dxe5 dxe5 15. Qg5 Nf8 16. Nd2 Ne6 17. Qe3 Nf4 18. Ne2 Be6 19. Bc4 Nxe2 20. Qxe2 b5 21. Bxe6 Rxe6 22. Nb3 Qb4 23. f3 a5 24. Qe3 Rd6 25. Nc5 Rxd1+ 26. Rxd1 a4 27. a3 Qa5 28. f4 Qc7 29. Qc3 Re8 30. g5 Nh5 31. Rd7 Qc8 32. fxe5 Kg8 33. e6 Rxe6 34. Qd4 Re8 35. e5 Ng7 36. Ne4 Ne6 37. Nf6+ Kg7 38. Nxe8+ Qxe8 39. Qd6 c5 40. h4 b4 41. Re7 Qc8 42. axb4 cxb4 43. Qxb4 Qc6 44. Qb7 1-0

[Event "SG PS Regensburg 1-SK Schwandorf 1"]
[Site "?"]
[Date "2024.04.28"]
[Round "9.4"]
[White "Quast, Michael"]
[Black "Schmidt, Oliver"]
[Result "1-0"]
[WhiteElo "2211"]
[BlackElo "2020"]
[PlyCount "69"]
[EventDate "2024.??.??"]
[WhiteTeam "SG PS Regensburg 1"]
[BlackTeam "SK Schwandorf 1"]

1. d4 Nf6 2. Bf4 g6 3. e3 Bg7 4. h3 O-O 5. c3 d5 6. Nf3 c5 7. Nbd2 b6 8. Ne5 Nfd7 9. Ndf3 Bb7 10. Be2 Nxe5 11. Bxe5 Nc6 12. Bxg7 Kxg7 13. h4 h6 14. Qd2 e6 15. Bb5 Nb8 16. dxc5 bxc5 17. h5 g5 18. Ne5 Qc7 19. f4 Ba6 20. Ba4 Rd8 21. Rd1 f6 22. Qc2 fxe5 23. Qg6+ Kh8 24. Qxh6+ Kg8 25. Qxg5+ Kh8 26. Qh6+ Kg8 27. Rh4 Qg7 28. Qxe6+ Kh8 29. h6 Qg3+ 30. Kd2 Qf2+ 31. Kc1 Qxe3+ 32. Kb1 Bd3+ 33. Ka1 Nd7 34. Bxd7 Rxd7 35. Qxd7 1-0

[Event "SG PS Regensburg 1-SK Schwandorf 1"]
[Site "?"]
[Date "2024.04.28"]
[Round "9.5"]
[White "Muehling, Werner"]
[Black "Hitzler, Philipp"]
[Result "0-1"]
[WhiteElo "2015"]
[BlackElo "2229"]
[PlyCount "50"]
[EventDate "2024.??.??"]
[WhiteTeam "SK Schwandorf 1"]
[BlackTeam "SG PS Regensburg 1"]

1. d4 d5 2. e3 Nf6 3. Bd3 c5 4. c3 Nc6 5. Nf3 Qc7 6. Nbd2 Bg4 7. O-O O-O-O 8. b3 e5 9. dxe5 Nxe5 10. Be2 Bd6 11. h3 Bf5 12. Nxe5 Bxe5 13. Bb2 Qe7 14. Qc1 Bc7 15. Nf3 g5 16. Re1 Rhg8 17. c4 Ne4 18. cxd5 g4 19. hxg4 Rxg4 20. Bf1 Rdg8 21. Rd1 Rxg2+ 22. Bxg2 Bh3 23. Ne1 Bxg2 24. Qc2 Bh3+ 25. Kh1 Qh4 0-1

[Event "SG PS Regensburg 1-SK Schwandorf 1"]
[Site "?"]
[Date "2024.04.28"]
[Round "9.6"]
[White "Wutz, Christoph"]
[Black "Steger, Eric"]
[Result "1-0"]
[WhiteElo "2174"]
[BlackElo "1967"]
[PlyCount "87"]
[EventDate "2024.??.??"]
[WhiteTeam "SG PS Regensburg 1"]
[BlackTeam "SK Schwandorf 1"]

1. e4 e5 2. Nf3 Nc6 3. Bb5 Nf6 4. O-O Nxe4 5. d4 Nd6 6. Bxc6 dxc6 7. dxe5 Nf5 8. Qxd8+ Kxd8 9. Nc3 Be7 10. h3 h5 11. Ne4 Be6 12. b3 Ke8 13. Bb2 Rd8 14. Rad1 b6 15. c4 Rh6 16. Rxd8+ Kxd8 17. Nc3 Rg6 18. Ne2 Nh4 19. Rd1+ Kc8 20. Nxh4 Bxh4 21. Nf4 Rh6 22. g3 Be7 23. Nxe6 Rxe6 24. f4 Bc5+ 25. Kg2 g6 26. Kf3 Re7 27. g4 hxg4+ 28. Kxg4 Rd7 29. Rxd7 Kxd7 30. f5 Be3 31. e6+ Ke7 32. exf7 Kxf7 33. fxg6+ Kxg6 34. Be5 b5 35. Bxc7 bxc4 36. bxc4 Kf6 37. Kf3 Bc1 38. Ke4 Bb2 39. Bf4 Bc3 40. Be3 Bb4 41. Bxa7 Kg5 42. Bf2 Bd6 43. a4 Bc7 44. Be1 1-0